header

Of superstition and enthusiasm (Record no. 2937)

MARC details
000 -LEADER
fixed length control field 00969nam a2200253Ia 4500
100 1# - MAIN ENTRY--AUTHOR NAME
Personal name Hume, David,
245 10 - TITLE STATEMENT
Title Of superstition and enthusiasm
260 ## - PUBLICATION, DISTRIBUTION, ETC. (IMPRINT)
Place of publication Raleigh, NC :
Name of publisher Alex Catalogue,
Year of publication 2001.
300 ## - PHYSICAL DESCRIPTION
Number of Pages 5 p.
650 #0 - SUBJECT ADDED ENTRY--TOPICAL TERM
Topical Term Superstition
Topical Term Philosophy, Scottish.
856 40 - ELECTRONIC LOCATION AND ACCESS
Uniform Resource Identifier http://site.ebrary.com/lib/rucke/Doc?id=5000691

No items available.

© 2026 Rongo University
Contact us: librarian | system librarian | Rongo university